[Event "Open"]
[Site "Santo Domingo DOM"]
[Date "2003.12.05"]
[Round "10"]
[White "Zapata,A"]
[Black "Kiriakov,P"]
[Result "0-1"]
[WhiteElo "2472"]
[BlackElo "2555"]

1.e4 e6 2.d4 d5 3.Nd2 a6 4.Ngf3 c5 5.exd5 exd5 6.dxc5 Bxc5 7.Nb3 Bb6 8.Qe2+ Qe7
9.Nfd4 Bg4 10.f3 Bd7 11.Bg5 Qxe2+ 12.Bxe2 Nc6 13.O-O-O Nge7 14.Rhe1 Nxd4
15.Nxd4 f6 16.Be3 Bc7 17.f4 Kf7 18.Bf3 Rad8 19.g3 h5 20.Bg1 h4 21.Nb3 hxg3
22.hxg3 Bc6 23.Nc5 Bb8 24.Bg4 Bd6 25.Ne6 Rde8 26.Nd4 Rh1 27.c3 a5 28.b3 Kg6
29.Kc2 Rd8 30.a4 Bd7 31.Ne6 Bxe6 32.Bxe6 Bc7 33.Bc5 Rh2+ 34.Kb1 Bd6 35.Bg1 Rg2
36.Bxd5 Nxd5 37.Rxd5 Bc7 38.Rxd8 Bxd8 39.Bd4 Rxg3 40.Re8 Bc7 41.Re7 Bxf4
42.Rxb7 Kf5 43.Kc2 Ke4 44.Re7+ Kd5 45.Ra7 Rg2+ 46.Kb1 g5 47.Rxa5+ Ke4 48.Bxf6 g4
49.Bd4 g3 50.Ra8 Rd2 51.Rg8 g2 52.a5 Kf3 53.a6 Rxd4 54.a7 Rd8 55.Rxd8 g1=Q+
56.Kb2 Qxa7 57.b4 Ke4 58.Rd4+ Ke5  0-1

[Event "ch-GRE w"]
[Site "Aspropyrgos GRE"]
[Date "2003.12.06"]
[Round "8"]
[White "Stiri,A"]
[Black "Makka,I"]
[Result "1-0"]
[WhiteElo "2183"]
[BlackElo "2192"]

1.e4 e6 2.d4 d5 3.Nd2 Be7 4.Bd3 c5 5.dxc5 Nf6 6.Ngf3 Qa5 7.O-O Qxc5 8.Nb3 Qc7
9.e5 Nfd7 10.Qe2 Nc6 11.Bf4 Nb4 12.Rfc1 Qd8 13.Bb5 O-O 14.a3 Nc6 15.c4 Nb6
16.cxd5 Nxd5 17.Be3 Na5 18.Nxa5 Qxa5 19.b4 Qd8 20.Bc5 Bd7 21.Bc4 Bxc5 22.bxc5 Bc6
23.Qb2 Nf4 24.Qc3 Qe7 25.Bf1 Rac8 26.Nd4 Bd5 27.Qe3 Ng6 28.Nb5 a6 29.Nd6 Rc7
30.Rab1 Rd8 31.Rb4 h6 32.Rg4 Kf8 33.Bd3 Nh8 34.Bh7 Qd7 35.Bd3 Qc6 36.Qf4 b6
37.Rxg7 f5 38.exf6 Rxg7 39.Qxh6  1-0

[Event "TCh-CZE Extraliga 2003-4"]
[Site "Czech Rep CZE"]
[Date "2003.12.07"]
[Round "4"]
[White "Pokorny,Z"]
[Black "Netusil,M"]
[Result "1-0"]
[WhiteElo "2331"]
[BlackElo "2289"]

1.e4 e6 2.d4 d5 3.Nd2 Be7 4.Bd3 dxe4 5.Nxe4 Nf6 6.Nf3 Nxe4 7.Bxe4 c5 8.O-O cxd4
9.Nxd4 O-O 10.c3 Nd7 11.Qe2 Nf6 12.Bc2 a6 13.Bf4 Nd5 14.Bg3 Bd6 15.Rad1 Bxg3
16.hxg3 Qc7 17.Rfe1 Bd7 18.Qh5 g6 19.Qh6 Nf6 20.Nf3 Rfd8 21.Rd4 Be8 22.Rh4 Qc5
23.g4 Qf8 24.Qc1 Qg7 25.g5 Nd5 26.Ne5 f6 27.gxf6 Qxf6 28.Rhe4 Qg7 29.Bb3 Nf6
30.Bxe6+ Kh8 31.R4e2 Rd6 32.Bb3 Rad8 33.Qf4 Nh5 34.Qe3 b5 35.Ng4 Bc6 36.Nh6 Bd5
37.Bxd5 Rxd5 38.Qe8+ Rxe8 39.Rxe8+ Qf8 40.Rxf8+ Kg7 41.Ra8 Kxh6 42.Rxa6 Rd2
43.b3 Nf4 44.Re3 Kg5 45.Ra5 h5 46.Rxb5+ Kh6 47.a4 h4 48.Rb4 g5 49.Rxf4 gxf4
50.Re5 Rd1+ 51.Kh2 Rd2 52.f3  1-0

[Event "22nd SEA Games Standard"]
[Site "Ho Chi Minh City VIE"]
[Date "2003.12.09"]
[Round "2"]
[White "Myo Naing"]
[Black "Villamayor,B"]
[Result "0-1"]
[WhiteElo "2394"]
[BlackElo "2484"]

1.e4 e6 2.d4 d5 3.Nd2 Be7 4.Bd3 c5 5.dxc5 Nf6 6.Qe2 Nc6 7.Ngf3 Nb4 8.O-O Nxd3
9.cxd3 Bxc5 10.Nb3 Be7 11.e5 Nd7 12.Be3 Nb8 13.Rfc1 Nc6 14.Bc5 O-O 15.Nbd4 Bd7
16.a3 Nxd4 17.Nxd4 Rc8 18.Bxe7 Qxe7 19.Qe3 b6 20.b4 h6 21.f4 a5 22.Qd2 axb4
23.Qxb4 Rc5 24.Rc3 Ra8 25.a4 Qf8 26.Rb3 Qc8 27.Rbb1 Ra6 28.h3 Rc3 29.Kh2 Qc5
30.Qxc5 bxc5 31.Rb8+ Kh7 32.Nb5 Bxb5 33.Rxb5 Rxd3 34.a5 c4 35.Rc5 Kg6 36.Rc7 f6
37.exf6 gxf6 38.Rc5 Kf5 39.Rf1 Ke4 40.Rb5 Rb3  0-1

[Event "6th Open"]
[Site "Tanta City EGY"]
[Date "2003.12.09"]
[Round "3"]
[White "Frhat,A"]
[Black "Abdel Razik,K"]
[Result "1/2-1/2"]
[WhiteElo "2313"]
[BlackElo "2380"]

1.e4 e6 2.d4 d5 3.Nd2 a6 4.Ngf3 Nf6 5.e5 Nfd7 6.Bd3 c5 7.c3 Nc6 8.O-O b5
9.Re1 Qb6 10.dxc5 Nxc5 11.Nb3 Qc7 12.Nxc5 Bxc5 13.Be3 Be7 14.Nd4 Bb7 15.Nxc6 Bxc6
16.Bd4 h5 17.Qe2 g6 18.b4 Qb7 19.h3 Kf8 20.Qc2 Kg7 21.Re3 a5 22.bxa5 Rxa5
23.Rf3 Rha8 24.Rf6 Bxf6 25.exf6+ Kf8 26.Qd2 Ke8 27.Qh6 Qc7 28.Qg7 Kd8 29.Qf8+ Be8
30.Bb6 Qxb6 31.Qe7+ Kc8 32.Qxe8+ Qd8 33.Qxf7 Qd7 34.Qxg6 Kc7 35.Qxh5 Rf8
36.Bg6 Qd6 37.Qh7+ Kd8 38.Qg7 Qc5 39.f7 Ke7 40.Bh5 Ra3 41.Qg5+ Kd7 42.Re1 Qxc3
43.Rxe6 Kxe6 44.Bg4+ Kxf7 45.Qxd5+ Kg7 46.Qg5+ Kf7 47.Qd5+ Kg7 48.Qg5+ Kf7  1/2-1/2

[Event "II Open"]
[Site "San Salvador ESA"]
[Date "2003.12.11"]
[Round "3"]
[White "Murillo,A"]
[Black "Kiriakov,P"]
[Result "0-1"]
[WhiteElo "2371"]
[BlackElo "2555"]

1.e4 e6 2.d4 d5 3.Nd2 a6 4.Ngf3 c5 5.c3 Nc6 6.Bd3 cxd4 7.cxd4 dxe4 8.Nxe4 Be7
9.a3 Nf6 10.Nc3 O-O 11.O-O b5 12.Be3 Bb7 13.Qe2 Rc8 14.Rad1 Qc7 15.Ng5 Na5
16.Nce4 Nxe4 17.Nxe4 Nc4 18.Bc1 Qc6 19.d5 Qxd5 20.Bb1 Qc6 21.f3 Rfd8 22.Rde1 b4
23.axb4 Bxb4 24.Rd1 Be7 25.Rde1 a5 26.Qf2  0-1

[Event "Bundesliga 2003-4"]
[Site "Solingen GER"]
[Date "2003.12.12"]
[Round "7"]
[White "Handke,F"]
[Black "Sadler,M"]
[Result "0-1"]
[WhiteElo "2476"]
[BlackElo "2626"]

1.e4 e6 2.d4 d5 3.Nd2 Be7 4.Bd3 c5 5.dxc5 Nf6 6.exd5 Qxd5 7.Ngf3 Qxc5 8.O-O O-O
9.a3 Nbd7 10.b4 Qc7 11.Bb2 a5 12.Rb1 b6 13.Qe2 Bb7 14.Rfd1 axb4 15.axb4 Nd5
16.Qe4 g6 17.Qg4 Nxb4 18.Bc4 Nd5 19.Bb3 Bf6 20.Bxd5 Bxd5 21.Bxf6 Nxf6 22.Qd4 Nd7
23.c4 Bc6 24.Ng5 Rad8 25.Qh4 h5 26.Nde4 Nc5 27.Nf6+ Kg7 28.Ngh7 Rxd1+ 29.Rxd1 Rh8
30.Ng5 Qe5  0-1

[Event "II Open"]
[Site "San Salvador ESA"]
[Date "2003.12.13"]
[Round "7"]
[White "Nedev,T"]
[Black "Kiriakov,P"]
[Result "1/2-1/2"]
[WhiteElo "2480"]
[BlackElo "2555"]

1.e4 e6 2.d4 d5 3.Nd2 a6 4.Ngf3 c5 5.dxc5 Bxc5 6.Bd3 Nc6 7.O-O Nge7 8.a3 O-O
9.b4 Ba7 10.Bb2 Ng6 11.e5 Nf4 12.Nb3 Bd7 13.Qd2 Nxd3 14.cxd3 Rc8 15.a4 Ne7
16.Bd4 Bb8 17.Nc5 Bc6 18.Bb2 d4 19.Nxd4 Qd5 20.Nxc6 Nxc6 21.Nxb7 Nxe5 22.Nc5 Nc4
23.Qc3 Nxb2 24.Qxb2 Be5 25.Qa2 Bxa1 26.Qxd5 exd5 27.Rxa1 a5 28.d4 axb4 29.Rb1 Ra8
30.Kf1 Rfb8 31.Nd7 Rb7 32.Nc5 Rb6 33.Nd7 Rh6 34.Rxb4 Rxh2 35.Nb6 Rh1+ 36.Ke2 Re8+
37.Kf3 Rb8 38.a5 Ra1 39.Rb5 f6 40.Rxd5 Rb7 41.Rc5  1/2-1/2

[Event "Bundesliga 2003-4"]
[Site "Solingen GER"]
[Date "2003.12.13"]
[Round "5"]
[White "Ginsburg,G"]
[Black "Johannessen,LE"]
[Result "1/2-1/2"]
[WhiteElo "2483"]
[BlackElo "2495"]

1.e4 e6 2.d4 d5 3.Nd2 Be7 4.c4 dxe4 5.Nxe4 Nf6 6.Nc3 c5 7.d5 exd5 8.cxd5 O-O
9.Nf3 a6 10.a4 Bg4 11.Be2 Bd6 12.O-O Qc7 13.h3 Bxf3 14.Bxf3 Nbd7 15.g3 Rfe8
16.Bg2 Rad8 17.Qc2 h6 18.Bd2 Nb6 19.Rad1 Be5 20.Rfe1 Nbxd5 21.Nxd5 Nxd5 22.Qc4 Nf6
23.b4 cxb4 24.Qxc7 Bxc7 25.Bxb4 Rxe1+ 26.Rxe1 Rd4 27.Bc3 Rxa4 28.Re7 Rc4
29.Bxf6 Rc1+ 30.Kh2 gxf6 31.Bxb7 Kf8 32.Rd7 Ke8 33.Rd3 a5 34.Ba6 Rc2 35.Bb5+ Kf8
36.Kg2 Bb6 37.Rf3 Ke7 38.g4 Bd4 39.Kg3 Be5+ 40.Kh4 Kf8 41.Rd3 Rxf2 42.Rd7 Rc2
43.Rd3 Rc5 44.Bd7 Rc1 45.Ra3 Bc7 46.Kh5 Kg7 47.Kh4 Rg1 48.Bf5 Bf4 49.Kh5 Bc1
50.Rxa5 Rg3 51.Kh4 Rb3 52.g5 fxg5+ 53.Kh5 Bd2 54.Rd5 Bf4 55.Bg4 Re3 56.Rb5 Be5
57.Rd5 Re4 58.Rd8 Bd4 59.Rd7 Rf4 60.Rb7 Be5 61.Ra7 Rc4 62.Rb7 Bc7 63.Rb5 Rc6
64.Rf5 Bf4  1/2-1/2

[Event "RUS-UKR Blitz g/3"]
[Site "bereg.ru INT"]
[Date "2003.12.14"]
[Round "16"]
[White "Baklan,V"]
[Black "Shipov,S"]
[Result "1/2-1/2"]
[WhiteElo "2600"]
[BlackElo "2589"]

1.e4 e6 2.d4 d5 3.Nd2 Be7 4.Ngf3 Nf6 5.Bd3 c5 6.dxc5 dxe4 7.Qe2 exd3 8.cxd3 Bxc5
9.O-O Nc6 10.Ne4 Be7 11.b3 O-O 12.Bb2 b6 13.Rfd1 Bb7 14.Nfg5 h6 15.Nf3 Qd5
16.Nc3 Qh5 17.Ne4 Nxe4 18.dxe4 Rfd8 19.h3 Qa5 20.a3 Qa6 21.Qe3 Qb5 22.a4 Qb4
23.Rdc1 Bc5 24.Qf4 Rd7 25.Rab1 Nd4 26.Bxd4 Bxd4 27.Rc4 Qd6 28.Qxd6 Bxf2+
29.Kxf2 Rxd6 30.Rbc1 Rd3 31.R1c3 Rxc3 32.Rxc3 Bxe4 33.Ne5 f6 34.Ng4 a5 35.g3 Rd8
36.Ke3 Bd5 37.Ke2 Kf7 38.Ne3 g5 39.Rc7+ Kg6 40.g4 Bxb3 41.Ng2 h5 42.gxh5+ Kxh5
43.Ne3 Kg6 44.Rc6 Rb8 45.h4 gxh4 46.Kf3 b5 47.axb5 Rxb5 48.Kg4 Rb4+ 49.Kh3 a4
50.Ra6 Re4 51.Ng2 Bd5 52.Nxh4+ Kh5 53.Ng2 Kg5 54.Ra7 e5 55.Rg7+ Kh6 56.Rg3 Re1
57.Nxe1 f5 58.Ra3 Bb3 59.Nd3 e4 60.Nc5 Bd1 61.Kg3 Kg5 62.Ne6+ Kf6 63.Nf4 Ke5
64.Ra1 Bb3 65.Ne2 Bc4 66.Kf2 f4 67.Rxa4 e3+ 68.Kf3 Bd5+ 69.Kg4 f3 70.Ng3 f2
71.Rf4 Bg2 72.Kg5 e2 73.Rf5+ Ke6 74.Nxe2 f1=Q 75.Rxf1 Bxf1  1/2-1/2

[Event "FSGM December"]
[Site "Budapest HUN"]
[Date "2003.12.14"]
[Round "9"]
[White "Vajda,L"]
[Black "Porat,S"]
[Result "1-0"]
[WhiteElo "2537"]
[BlackElo "2360"]

1.e4 e6 2.d4 d5 3.Nd2 Be7 4.Ngf3 Nf6 5.Bd3 c5 6.exd5 Qxd5 7.dxc5 Nbd7 8.b4 a5
9.bxa5 O-O 10.O-O Nxc5 11.Nc4 Qh5 12.Re1 Nxd3 13.cxd3 Nd5 14.Bd2 Bd7 15.Rb1 Bc6
16.Nce5 Bd8 17.h4 Nf6 18.Nxc6 bxc6 19.Re5 Qg6 20.Rg5 Qh6 21.Qa4 Bc7 22.Rb7 Rfc8
23.Bf4 Bxf4 24.Qxf4 Rf8 25.Ne5 c5 26.g3 Rad8 27.a6 Rd4 28.Qf3  1-0

[Event "FSGM December"]
[Site "Budapest HUN"]
[Date "2003.12.16"]
[Round "11"]
[White "Antal,Ge"]
[Black "Porat,S"]
[Result "1-0"]
[WhiteElo "2473"]
[BlackElo "2360"]

1.e4 e6 2.d4 d5 3.Nd2 Be7 4.Bd3 c5 5.dxc5 Nf6 6.Qe2 Nc6 7.Ngf3 a5 8.a4 O-O
9.O-O Nb4 10.Nb3 b6 11.Bb5 Nxe4 12.c3 Na6 13.cxb6 Nac5 14.Nbd4 Qxb6 15.Be3 Qc7
16.Rac1 Bd7 17.b4 Nxa4 18.Bxa4 Bxa4 19.b5 Ba3 20.Ra1 Nxc3 21.Qd2 Nxb5 22.Qa2 Rfc8
23.h4 Rab8 24.h5 Nxd4 25.Nxd4 e5 26.Qxa3 exd4 27.Bxd4 Rb4 28.Rac1 Rc4 29.Rxc4 Qxc4
30.Qa1 f6 31.h6 Qc6 32.hxg7 Kxg7 33.Bb2 Bb5 34.Rc1 Bc4 35.Qxa5 Re8 36.Qa7+ Kg6
37.Rc3 Re5 38.Rh3 Rh5 39.Rxh5 Kxh5 40.Qxh7+ Kg4 41.Bc1  1-0

[Event "Christmas Open"]
[Site "Zadar CRO"]
[Date "2003.12.16"]
[Round "3"]
[White "Kutuzovic,B"]
[Black "Martinovic,Sa"]
[Result "1-0"]
[WhiteElo "2388"]
[BlackElo "2165"]

1.e4 e6 2.d4 d5 3.Nd2 Be7 4.Bd3 dxe4 5.Nxe4 Nf6 6.Nf3 O-O 7.Qe2 Nbd7 8.Bd2 b6
9.Nxf6+ Nxf6 10.c4 Bb7 11.Bc3 a6 12.O-O c5 13.dxc5 bxc5 14.Rad1 Qc7 15.Ne5 Rad8
16.Rfe1 Ba8 17.Qe3 Qb7 18.f3 Bd6 19.Qg5 h6 20.Qh4 Qe7 21.b3 Nd5 22.Qxe7 Nxe7
23.Ba5 Bxe5 24.Rxe5 Nc6 25.Rxc5 Nxa5 26.Rxa5 Bb7 27.Rc5 g6 28.Rc7 Bc8 29.Kf2 e5
30.Ke3 Bf5 31.Rd2 Bxd3 32.Rxd3 Rxd3+ 33.Kxd3 Rd8+ 34.Ke2 Kg7 35.Rc6 Ra8 36.b4 Kf8
37.a4 Ke7 38.Rc7+ Ke6 39.g4 h5 40.g5 h4 41.Ke3 h3 42.Rc5 Rb8 43.b5 axb5 44.cxb5 Kd6
45.Rc4 Kd5 46.Kd3 Rb7 47.Kc3 Rb6 48.Kb4 f6 49.a5 Re6 50.b6  1-0

[Event "4th NAO IM"]
[Site "Paris FRA"]
[Date "2003.12.18"]
[Round "4"]
[White "Marechal,A"]
[Black "Nguyen Chi Minh"]
[Result "0-1"]
[WhiteElo "2295"]
[BlackElo "2375"]

1.e4 e6 2.d4 d5 3.Nd2 Be7 4.Ngf3 Nf6 5.e5 Nfd7 6.c4 dxc4 7.Nxc4 Nb6 8.Bd3 Nxc4
9.Bxc4 Nd7 10.Be3 Nb6 11.Bd3 Nd5 12.O-O b6 13.Rc1 Qd7 14.a3 Bb7 15.Qe2 O-O
16.Rfd1 Kh8 17.Bb1 f5 18.exf6 gxf6 19.Bh6 Rg8 20.Re1 Bf8 21.Bd2 Re8 22.g3 Bd6
23.Be4 Qf7 24.Nh4 f5 25.Bg2 f4 26.Nf3 Qg7 27.Ne5 Ref8 28.Qd1 c5 29.Bxd5 Bxd5
30.dxc5 fxg3 31.fxg3 Qf6 32.Qe2 Qh4 33.Qe3 Qh3 34.Re2 Bxc5 35.Nf7+ Rxf7 36.Bc3+ Rgg7
37.Bd4 Kg8 38.b4 Rf3  0-1

[Event "Salona GM"]
[Site "Solin-Split CRO"]
[Date "2003.12.20"]
[Round "8"]
[White "Kovalevskaya,E"]
[Black "Kovacevic,Vlat"]
[Result "1/2-1/2"]
[WhiteElo "2447"]
[BlackElo "2503"]

1.e4 e6 2.d4 d5 3.Nd2 Nc6 4.Ngf3 Nf6 5.e5 Nd7 6.Be2 a6 7.Nf1 f6 8.exf6 Nxf6
9.Ng3 Bd6 10.O-O O-O 11.c4 b6 12.a3 Ne7 13.Qc2 dxc4 14.Bxc4 Ned5 15.Ne4 h6
16.Nxd6 cxd6 17.Re1 Ra7 18.Qe2 Qe8 19.Bd3 b5 20.Nh4 Ne7 21.Qc2 Nfd5 22.Bh7+ Kh8
23.Ng6+ Nxg6 24.Bxg6 Qd8 25.Qe2 Qf6 26.Bb1 Qxd4 27.Qc2 g5 28.b4 Qf6 29.Bb2 e5
30.Ba2 Nf4 31.Rad1 Re7 32.Qd2 Bb7 33.f3 Rd8 34.Qe3 g4 35.Qb6 Rdd7 36.fxg4 Nxg2
37.Rf1 Nf4 38.Qe3 Rg7 39.Qxf4 Qxf4 40.Rxf4 exf4 41.Be6 Kh7 42.Bf5+ Kg8 43.Bxg7 Rxg7
44.Rxd6 Rc7 45.Kf2 Bh1 46.Rd1 Bb7 47.h4 Kf7 48.Rd6 Bh1 49.Rxa6 Rc3 50.g5 hxg5
51.hxg5 Bd5 52.Ra7+ Kg8 53.Rd7 Rf3+ 54.Ke2 Re3+ 55.Kd2 Bc4 56.Bd3 Bxd3 57.Rxd3 Re5
58.Rf3 Rxg5 59.Rxf4 Rg3 60.Rf5 Rxa3 61.Rxb5 Kf7 62.Re5 Kf6 63.Re1 Rb3 64.Re4 Kf5
65.Kc2 Rh3 66.Re8 Kf6 67.Re1 Rg3 68.b5 Rg5 69.b6 Rc5+ 70.Kd3 Rb5 71.Rh1 Ke7
72.Rh6 Kd7 73.Kc4 Rg5 74.Kb4 Kc8 75.Rh7 Kb8 76.Kc4  1/2-1/2

[Event "North American Open"]
[Site "Las Vegas USA"]
[Date "2003.12.26"]
[Round "1"]
[White "Ruiz Gonzalez,G"]
[Black "Kiriakov,P"]
[Result "0-1"]
[WhiteElo "2219"]
[BlackElo "2555"]

1.e4 e6 2.d4 d5 3.Nd2 a6 4.e5 Bd7 5.Ngf3 Bb5 6.Be2 Ne7 7.O-O Nf5 8.Re1 Bxe2
9.Rxe2 c5 10.dxc5 Bxc5 11.Nb3 Bb6 12.Nbd4 Nxd4 13.Nxd4 Nc6 14.c3 Bxd4 15.cxd4 Qb6
16.Be3 O-O 17.Rc1 Rfc8 18.Rec2 Ne7 19.Rxc8+ Rxc8 20.Rxc8+ Nxc8 21.Qc2 Ne7
22.Kf1 Nc6 23.Qc3 Qb5+ 24.Ke1 Qa4 25.a3 h6 26.h4 h5 27.b4 Qb5 28.g3 Qc4 29.Kd2 Ne7
30.Kc2 Nf5 31.Kd2 Kh7 32.Qd3 Qa2+ 33.Kd1 Qa1+ 34.Kd2 Qb2+ 35.Kd1 Kg8 36.Ke1 Ne7
37.Bd2 Nc6 38.Qc3 Qb1+ 39.Ke2 Qa2 40.Kd3 Na7 41.Be3 Nb5 42.Qc8+ Kh7 43.Qxb7 Nxa3
44.Qc7 Kg6 45.Qc3 Nc4 46.Qc2 Qxc2+ 47.Kxc2 Nxe3+ 48.fxe3 Kf5 49.Kb3 Kg4 50.Ka4 Kxg3
51.Ka5 g5 52.hxg5 h4 53.Kxa6 h3 54.b5 h2 55.b6 h1=Q 56.b7 Qa1+ 57.Kb6 Qb2+
58.Kc7 Qc3+ 59.Kd7 Qb4 60.Kc7 Qe7+ 61.Kc8 Qxg5 62.Kc7 Qe7+  0-1

[Event "24th Open"]
[Site "Bethune FRA"]
[Date "2003.12.28"]
[Round "5"]
[White "Sprenger,J"]
[Black "Steenbekkers,F"]
[Result "1-0"]
[WhiteElo "2493"]
[BlackElo "2184"]

1.e4 e6 2.d4 d5 3.Nd2 Be7 4.Ngf3 Nf6 5.e5 Nfd7 6.c4 c5 7.cxd5 exd5 8.dxc5 Nc6
9.Bb5 O-O 10.O-O Ndxe5 11.Nxe5 Nxe5 12.Nb3 Bd7 13.Be2 Ba4 14.Be3 Nc4 15.Bd4 Rc8
16.Qe1 b5 17.Qc3 Bf6 18.Rfd1 Bxd4 19.Rxd4 Qe7 20.Bf3 Ne5 21.Rxd5 Nxf3+ 22.gxf3 Rc6
23.Nd4 Rg6+ 24.Kh1 Qh4 25.Nf5 Qg5 26.Ne3 Qh4 27.Nf5 Qg5 28.Ne3 Qh4 29.Qd4 Qxf2
30.b3 Rh6 31.Qf4 Re8 32.bxa4 f6 33.Ng2  1-0

[Event "Open"]
[Site "Lilie Litomysl CZE"]
[Date "2003.12.28"]
[Round "4"]
[White "Kanovsky,D"]
[Black "Krupa,M"]
[Result "1/2-1/2"]
[WhiteElo "2298"]
[BlackElo "2221"]

1.e4 e6 2.d4 d5 3.Nd2 a6 4.Ngf3 c5 5.exd5 exd5 6.Be2 c4 7.c3 Bd6 8.O-O Nf6
9.b3 b5 10.a4 Bb7 11.Ba3 O-O 12.Bxd6 Qxd6 13.Qc2 Nbd7 14.Rfb1 Bc6 15.axb5 axb5
16.Qb2 h6 17.Bf1 Qc7 18.h3 Rfe8 19.g3 Ne4 20.Bg2 f5 21.bxc4 dxc4 22.d5 Bxd5
23.Nd4 Rab8 24.Nxf5 Ndc5 25.Nxe4 Bxe4 26.Bxe4 Rxe4 27.Qd2 Nd3 28.Ra6 Qc5
29.Nxh6+ gxh6 30.Rg6+ Kf7 31.Rxh6 Rbe8 32.Rh7+ Kg8 33.Rh8+ Kxh8  1/2-1/2

[Event "BC Masters"]
[Site "Bois Colombes FRA"]
[Date "2003.12.29"]
[Round "8"]
[White "Todorov,T"]
[Black "Marcelin,C"]
[Result "1/2-1/2"]
[WhiteElo "2472"]
[BlackElo "2473"]

1.e4 e6 2.d4 d5 3.Nd2 Be7 4.Ngf3 Nf6 5.Bd3 c5 6.dxc5 dxe4 7.Nxe4 Nxe4 8.Bxe4 Qxd1+
9.Kxd1 Bxc5 10.Ke2 Nd7 11.Be3 Bxe3 12.Kxe3 Nc5 13.Rhd1 Nxe4 14.Kxe4 Ke7 15.Rd4 Rd8
16.Rxd8 Kxd8 17.Nd4 Ke7 18.Rd1 Bd7 19.Rd3 Rc8 20.f4 Rc5 21.Rb3 b6 22.Rd3 a5
23.Re3 g5 24.fxg5 Rxg5 25.Kf3 Kd6 26.Kf2 Rd5 27.Nf3 f6 28.Ke2 e5 29.c4 Rc5
30.Nd2 Ke7 31.Rg3 Kf7 32.Ne4 Rc6 33.b3 Bf5 34.Nc3 Rd6 35.Ke1 Bg6 36.Re3 Ke6
37.Nd5 f5 38.h4 e4 39.g3 Ke5 40.a4 Bf7 41.Nf4 Kd4 42.Kd2 Kc5+ 43.Kc2 Kb4
44.Re1 Rd4 45.Re3 Rd6 46.Re1 Rd4 47.Rf1 Rd8 48.Re1 Rd4  1/2-1/2

[Event "ch-AUS"]
[Site "Adelaide AUS"]
[Date "2003.12.30"]
[Round "2"]
[White "Charles,G"]
[Black "Smerdon,D"]
[Result "1/2-1/2"]
[WhiteElo "2171"]
[BlackElo "2427"]

1.e4 e6 2.d4 d5 3.Nd2 Be7 4.c3 c5 5.exd5 Qxd5 6.Ngf3 cxd4 7.Bc4 Qd6 8.Nxd4 a6
9.O-O Nf6 10.Re1 Nc6 11.N2f3 b5 12.Nxc6 Qxc6 13.Ne5 Qc5 14.Qf3 Rb8 15.Bb3 Bd6
16.Bf4 Bb7 17.Qe2 Ne4 18.Bc2 Bxe5 19.Bxe5 Qxe5 20.Bxe4 Ke7 21.Qf3 Bxe4 22.Rxe4 Qc5
23.Qg3 g6 24.Qh4+ g5 25.Qg3 h6 26.h4 gxh4 27.Qxh4+ Qg5 28.Qh2 Rbd8 29.Rae1 Rd6
30.g3 Rhd8 31.Re5 Qf6 32.Qh5 Rd2 33.R5e2 R8d5 34.Qg4 h5 35.Qb4+ Ke8 36.Qe4 Kf8
37.Kg2 Kg7 38.Rxd2 Rxd2 39.Re2 Rd5 40.a4 Qg6 41.axb5 axb5 42.Qxg6+ Kxg6 43.Re4 e5
44.Rb4 f5 45.Kf3 Kg5 46.c4 bxc4 47.Rxc4 Rd3+ 48.Ke2 Rb3 49.Rc2 e4 50.Kf1 h4
51.gxh4+ Kxh4 52.Rc3 Rxb2 53.f3 e3 54.Rxe3 f4 55.Ra3 Kg3 56.Ra8 Rb3 57.Ra2 Rb1+
58.Ke2 Kg2 59.Ra8 Rb2+ 60.Ke1 Kxf3 61.Rf8 Rb1+ 62.Kd2 Rg1 63.Rf7 Kg3 64.Ke2 Rg2+
65.Ke1 Kf3 66.Rf8 Rg1+ 67.Kd2 Rg4 68.Ke1 Rh4 69.Rf7 Rg4 70.Kf1 Rg8 71.Ra7 Re8
72.Ra3+ Re3 73.Ra2 Kg4 74.Rg2+ Rg3 75.Ra2 Rf3+ 76.Kg2 Rb3 77.Kf2 Rh3 78.Ra8 Rh2+
79.Kg1 Re2 80.Ra3 Re3 81.Ra2 Kf3 82.Rf2+ Ke4 83.Ra2 Kf3 84.Rf2+ Kg4 85.Ra2 Rh3
86.Rb2 Kg3 87.Rg2+ Kf3 88.Ra2  1/2-1/2

[Event "12th Donau Open"]
[Site "Aschach GER"]
[Date "2003.12.30"]
[Round "6"]
[White "Mahdi,K"]
[Black "Seifert,V"]
[Result "1-0"]
[WhiteElo "2418"]
[BlackElo "2337"]

1.e4 e6 2.d4 d5 3.Nd2 a6 4.Ngf3 c5 5.exd5 exd5 6.Be2 c4 7.O-O Bd6 8.Re1 Ne7
9.Nf1 h6 10.b3 b5 11.a4 Bb7 12.Ng3 O-O 13.Bf1 Nbc6 14.c3 Qc7 15.b4 Rae8 16.Nh5 Ng6
17.Rxe8 Rxe8 18.g3 Qd8 19.axb5 axb5 20.Ne1 Nce7 21.Ng2 Nc8 22.Ne3 Bf8 23.Bg2 Nb6
24.Bd2 Qd7 25.Qf3 Ra8 26.Ra5 Qc6 27.h4 Rd8 28.Ra7 Nc8 29.Ra1 Nb6 30.Ng4 Bc8
31.Ra7 Be6 32.Ngf6+ Kh8 33.Ng4 Bxg4 34.Qxg4 Kg8 35.Qf5 Nh8 36.Qf3 Nc8 37.Ra5 Ng6
38.Qg4 Nd6 39.Bxh6 Nb7 40.Bg5 Nxa5 41.Bxd8 Nb7 42.Qg5 Qd6 43.Bf6  1-0

[Event "ch-AUS"]
[Site "Adelaide AUS"]
[Date "2003.12.31"]
[Round "3"]
[White "Canfell,G"]
[Black "Johansen,D"]
[Result "1/2-1/2"]
[WhiteElo "2279"]
[BlackElo "2499"]

1.e4 e6 2.d4 d5 3.Nd2 a6 4.Bd3 c5 5.exd5 exd5 6.Ngf3 c4 7.Be2 Nc6 8.O-O Bd6
9.Re1 Nge7 10.b3 cxb3 11.axb3 O-O 12.Nf1 Bf5 13.Bd3 Rc8 14.Bxf5 Nxf5 15.Ng3 Nh4
16.c3 Nxf3+ 17.Qxf3 Ne7 18.Bg5 f6 19.Bd2 Qd7 20.Nh5 Rf7 21.Re2 Qf5 22.Bf4 Bxf4
23.Nxf4 Qd7 24.Rae1 a5 25.h3 Rb8 26.Qg4 Rd8 27.Re6 Rdf8 28.Nh5 Ng6 29.Rb6 Qc7
30.Qe6 Qxc3 31.Rxb7 Qxd4 32.Rc1 Qe5 33.Rxf7 Rxf7 34.Rc8+ Nf8 35.Qxe5 fxe5
36.Rc5 Rd7 37.Rxa5 Ne6 38.b4 Kf7 39.Kf1 Nd4 40.g4 g6 41.Ng3 Ne6 42.b5 Rb7
43.Ne2 Nc7 44.Nc3 Ke6 45.Ke2 h5 46.gxh5 gxh5 47.Kd3 d4 48.Ne2 Rxb5 49.Rxb5 Nxb5
50.f4 h4 51.fxe5 Kxe5 52.Ng1 Kf4 53.Ne2+  1/2-1/2

[Event "ch-AUS"]
[Site "Adelaide AUS"]
[Date "2003.12.31"]
[Round "3"]
[White "Charles,G"]
[Black "Depasquale,C"]
[Result "0-1"]
[WhiteElo "2171"]
[BlackElo "2327"]

1.e4 e6 2.d4 d5 3.Nd2 a6 4.Ngf3 Nf6 5.Bd3 c5 6.exd5 Qxd5 7.dxc5 Bxc5 8.O-O O-O
9.Qe2 Nbd7 10.Ne4 Nxe4 11.Bxe4 Qh5 12.c3 Nf6 13.Bc2 b5 14.Be3 Bd6 15.h3 e5
16.Rad1 Bc7 17.Bg5 Be6 18.Bxf6 gxf6 19.Qe4 f5 20.Qh4 Qxh4 21.Nxh4 e4 22.g3 Kg7
23.Ng2 Rfd8 24.Nf4 Bxf4 25.gxf4 Kf6 26.Bb3 Bc4 27.Rfe1 Rd3 28.Rxd3 exd3 29.Rd1 Rc8
30.Kf1 a5 31.Rb1 a4 32.Bxc4 bxc4 33.f3 Rb8 34.Kf2 Ke6 35.Ke3 Kd5 36.Kd2 Rg8
37.Rf1 Rg2+ 38.Kc1 a3 39.b4 Rxa2 40.Kb1 Re2 41.Rd1 a2+ 42.Ka1 Rc2 43.b5 d2
44.b6 Kc6  0-1

[Event "ch-AUS"]
[Site "Adelaide AUS"]
[Date "2004.01.02"]
[Round "4"]
[White "Eriksson,I"]
[Black "Tan,Ju"]
[Result "1/2-1/2"]
[WhiteElo "2096"]
[BlackElo "2250"]

1.e4 e6 2.d4 d5 3.Nd2 Nc6 4.Ngf3 Nf6 5.e5 Nd7 6.Bb5 Be7 7.O-O O-O 8.Re1 Ndb8
9.c3 f5 10.exf6 Bxf6 11.Nf1 Qd6 12.Bd3 g6 13.Bh6 Re8 14.Qc2 Kf7 15.Bg5 e5
16.Bxf6 Kxf6 17.dxe5+ Nxe5 18.Nxe5 Rxe5 19.Rxe5 Qxe5 20.Qd2 Kg7 21.Re1 Qf6
22.Qe3 Nc6 23.Qg3 Qd6 24.Qg5 h6 25.Qh4 Bd7 26.Bb5 g5 27.Qh5 Rf8 28.Qe2  1/2-1/2

[Event "ch-AUS"]
[Site "Adelaide AUS"]
[Date "2004.01.03"]
[Round "5"]
[White "Canfell,G"]
[Black "Depasquale,C"]
[Result "1-0"]
[WhiteElo "2279"]
[BlackElo "2327"]

1.e4 e6 2.d4 d5 3.Nd2 a6 4.Ngf3 dxe4 5.Nxe4 Nf6 6.Nxf6+ gxf6 7.g3 Nc6 8.Bg2 Ne7
9.O-O Bd7 10.c4 Bc6 11.Re1 Qd7 12.Bh3 Bxf3 13.Qxf3 Qxd4 14.Qxb7 Rd8 15.Qxc7 Rc8
16.Qb7 Qxc4 17.Bf1 Qc6 18.Bxa6 Qxb7 19.Bxb7 Rb8 20.Bg2 Nf5 21.Bc6+ Kd8 22.Bf4 e5
23.Rad1+ Kc7 24.Be4 Nd6 25.Bc1 h5 26.b3 h4 27.Ba3 hxg3 28.hxg3 Nb5 29.Rc1+ Kd7
30.Red1+ Nd4 31.Bb2 Ke6 32.Bxd4 exd4 33.Rxd4 Bd6 34.Bd5+ Ke7 35.Re4+ Kf8
36.Rc6 Rd8 37.Rh4 Rxh4 38.gxh4 Be5 39.Be4 Rd1+ 40.Kg2 Re1 41.Bf5 Kg7 42.Rc2 Rd1
43.a4 Ra1 44.Rd2 Ra3 45.Rd3 Kh6 46.Be4 Kh5 47.Rh3 f5 48.Bxf5 Bf6 49.Bd7 Bxh4
50.Be8 Kg4 51.Bxf7 Bf6 52.Rf3 Kg5 53.Bc4 Bd4 54.Rd3 Ba7 55.Rd7 Bb6 56.Kf3 Ra2
57.Rd5+ Kh4 58.Be2 Rc2 59.a5 Rc3+ 60.Kg2  1-0

[Event "10th Open"]
[Site "Bosnjaci CRO"]
[Date "2004.01.04"]
[Round "2"]
[White "Brkic,A"]
[Black "Pandurevic,M"]
[Result "1-0"]
[WhiteElo "2420"]
[BlackElo "2269"]

1.e4 e6 2.d4 d5 3.Nd2 Nc6 4.Ngf3 Nf6 5.e5 Nd7 6.Nb3 f6 7.Bb5 fxe5 8.dxe5 Be7
9.Bxc6 bxc6 10.Na5 Nb8 11.Qd4 O-O 12.Qg4 Kh8 13.O-O c5 14.c4 c6 15.Bd2 Qc7
16.Rfe1 Bd7 17.Nb3 a5 18.Bg5 Bc8 19.Qh4 Bxg5 20.Nxg5 h6 21.Nf3 Na6 22.Qg3 a4
23.Nbd2 Qf7 24.Re3 Bd7 25.Ra3 Nb4 26.Rc1 Qe7 27.Ne1 Be8 28.Nd3 Nxd3 29.Qxd3 Rb8
30.b3 Qg5 31.Re1 axb3 32.axb3 Bg6 33.Qe3 Qe7 34.Rea1 d4 35.Qg3 Kh7 36.h4 Rb7
37.Ra6 Qc7 38.h5 Bxh5 39.Ne4 Qe7 40.Rxc6 Rc7 41.Rca6 Bg6 42.Nd6 Rb8 43.Nb5 Rd7
44.Rd6 Rdb7 45.Raa6 Bf5 46.Rac6 Rxb5 47.cxb5 Rxb5 48.Qf3 Qb7 49.g4 Rxb3 50.Qf4 Rb1+
51.Kh2 Qf7 52.Rxc5 Qg6 53.Rxd4 Bd3 54.Rc7 Bb5 55.Qe4 Rb2 56.Qxg6+ Kxg6 57.Rf4 Be8
58.Rf8 Ba4 59.Rff7 Kg5 60.Rxg7+ Kh4 61.g5  1-0

[Event "ch-AUS"]
[Site "Adelaide AUS"]
[Date "2004.01.09"]
[Round "10"]
[White "Levi,E"]
[Black "Tan,Ju"]
[Result "0-1"]
[WhiteElo "2269"]
[BlackElo "2250"]

1.e4 e6 2.d4 d5 3.Nd2 Nc6 4.Ngf3 Nf6 5.e5 Nd7 6.Bb5 Be7 7.Nb3 Ndb8 8.Bf4 b6
9.O-O a5 10.a4 Ba6 11.Qe2 Bxb5 12.Qxb5 O-O 13.Rfe1 Nb4 14.Qe2 Nd7 15.c3 Na6
16.Red1 Re8 17.Rac1 Ra7 18.Ne1 Nf8 19.Nc2 Qd7 20.Qb5 c6 21.Qe2 c5 22.Ra1 c4
23.Nd2 Rc8 24.Na3 Qxa4 25.b3 Qc6 26.bxc4 Bxa3 27.Rxa3 dxc4 28.Ne4 Qd5 29.Re1 Ng6
30.Qg4 Nc7 31.h4 Ne8 32.Bg5 Kh8 33.Re3 Ne7 34.Rf3 Nf5 35.Ng3 Nxg3 36.Rxg3 f5
37.exf6 Nxf6 38.Bxf6 gxf6 39.Qf4 Rf8 40.h5 Raf7 41.h6 e5 42.Qf5 Qd6 43.Ra4 Qc6
44.Ra1 exd4 45.cxd4 Qd7 46.Qf4 Qc7 47.Qf5 Qd7 48.Qf4 Re7 49.Rb1 b5 50.Rg5 c3
51.Rbxb5 c2 52.Rbc5 Re1+ 53.Kh2 c1=Q 54.Rxc1 Rxc1 55.Rg7 Qc8 56.Qe4 Rh1+
57.Kg3 Rxh6  0-1